<?xml version="1.0" encoding="UTF-8"?>
<marc:record xmlns:marc="http://www.loc.gov/MARC21/slim">
   <marc:leader>00000nam a2200000 a 4500</marc:leader>
   <marc:datafield ind1="1" ind2=" " tag="100">
      <marc:subfield code="a">Gablé, Rebecca</marc:subfield>
      <marc:subfield code="4">aut</marc:subfield>
      <marc:subfield code="e">Verfasser/-in</marc:subfield>
   </marc:datafield>
   <marc:datafield ind1=" " ind2=" " tag="653">
      <marc:subfield code="a">Historischer Roman</marc:subfield>
   </marc:datafield>
   <marc:datafield ind1="0" ind2="0" tag="245">
      <marc:subfield code="a">Das Haupt der Welt</marc:subfield>
   </marc:datafield>
   <marc:datafield ind1="0" ind2="0" tag="245">
      <marc:subfield code="b">Historischer Roman</marc:subfield>
   </marc:datafield>
   <marc:datafield ind1=" " ind2="1" tag="264">
      <marc:subfield code="b">Ehrenwirth</marc:subfield>
      <marc:subfield code="c">2013</marc:subfield>
   </marc:datafield>
   <marc:datafield ind1="1" ind2=" " tag="490">
      <marc:subfield code="a">Otto der Große</marc:subfield>
   </marc:datafield>
   <marc:datafield ind1="1" ind2=" " tag="520">
      <marc:subfield code="a">Brandenburg 929: Beim blutigen Sturm durch das deutsche Heer unter König Heinrich I. wird der slawische Fürstensohn Tugomir gefangen genommen. Er und seine Schwester werden nach Magdeburg verschleppt, und bald schon macht sich Tugomir einen Namen als Heiler. Er rettet Heinrichs Sohn Otto das Leben und wird dessen Leibarzt und Lehrer seiner Söhne. Doch noch immer ist er Geisel und Gefangener zwischen zwei Welten. Als sich nach Ottos Krönung die Widersacher formieren, um den König zu stürzen, wendet er sich mit einer ungewöhnlichen Bitte an Tugomir, den Mann, der Freund und Feind zugleich ist ...</marc:subfield>
   </marc:datafield>
   <marc:datafield ind1=" " ind2=" " tag="020">
      <marc:subfield code="a">9783431038835</marc:subfield>
      <marc:subfield code="9">9783431038835</marc:subfield>
   </marc:datafield>
   <marc:datafield ind1="3" ind2=" " tag="024">
      <marc:subfield code="a">9783431038835</marc:subfield>
   </marc:datafield>
</marc:record>
